|
|
|
|
| LEADER |
01000cam a2200265 c 4500 |
| 001 |
570053498 |
| 003 |
DE-627 |
| 005 |
20251223215444.0 |
| 007 |
tu |
| 008 |
080622s2008 xxu||||| 00| ||eng c |
| 010 |
|
|
|a 2008026632
|
| 020 |
|
|
|a 1845454243
|c hbk.
|9 1-84545-424-3
|
| 020 |
|
|
|a 9781845454241
|c : hbk.
|9 978-1-84545-424-1
|
| 024 |
3 |
|
|a 9781845454241
|
| 024 |
8 |
|
|a 2008026632085
|q LoC No.
|
| 035 |
|
|
|a (DE-627)570053498
|
| 035 |
|
|
|a (DE-576)278681891
|
| 035 |
|
|
|a (DE-599)BSZ278681891
|
| 035 |
|
|
|a (OCoLC)600142455
|
| 040 |
|
|
|a DE-627
|b ger
|c DE-627
|e rakwb
|
| 041 |
|
|
|a eng
|
| 044 |
|
|
|c XD-US
|c XA-GB
|
| 050 |
|
0 |
|a NX180.N38
|
| 082 |
0 |
|
|a 940.072
|q LOC
|2 22
|
| 084 |
|
|
|a 7,25
|2 ssgn
|
| 084 |
|
|
|a NK 4950
|2 rvk
|0 (DE-625)rvk/126082:
|
| 084 |
|
|
|a 89.22
|2 bkl
|
| 084 |
|
|
|a 89.73
|2 bkl
|
| 084 |
|
|
|a 15.03
|2 bkl
|
| 090 |
|
|
|a a
|
| 245 |
0 |
0 |
|a Narrating the nation
|b representations in history, media and the arts
|c ed. by Stefan Berger, Linas Eriksonas and Andrew Mycock
|
| 264 |
|
1 |
|a New York
|a Oxford
|b Berghahn
|c 2008
|
| 300 |
|
|
|a XII, 348 S.
|b Ill.
|
| 336 |
|
|
|a Text
|b txt
|2 rdacontent
|
| 337 |
|
|
|a ohne Hilfsmittel zu benutzen
|b n
|2 rdamedia
|
| 338 |
|
|
|a Band
|b nc
|2 rdacarrier
|
| 490 |
1 |
|
|a Making sense of history
|v 11
|
| 500 |
|
|
|a Enth. Literaturverz. (S. [315]-331) und Index
|
| 583 |
1 |
|
|a Archivierung prüfen
|c 20240324
|f DE-4165
|z 3
|2 pdager
|
| 650 |
|
0 |
|a Nationalism and the arts
|z Europe
|
| 650 |
|
0 |
|a Arts, European
|
| 650 |
|
0 |
|a Nationalism and historiography
|z Europe
|
| 650 |
|
4 |
|a Geschichtsschreibung
|
| 650 |
|
4 |
|a Geschichtsbewusstsein
|
| 650 |
|
4 |
|a Nationalbewusstsein
|
| 650 |
|
4 |
|a Geschichte
|
| 650 |
|
4 |
|a Nationalismus
|
| 650 |
|
4 |
|a Künste
|
| 650 |
|
4 |
|a Kongress
|
| 650 |
|
4 |
|a Glamorgan <County, 2004>
|
| 651 |
|
7 |
|a Europa
|2 gnd
|
| 655 |
|
7 |
|a Konferenzschrift
|y 2004
|z Glamorgan, County
|0 (DE-588)1071861417
|0 (DE-627)826484824
|0 (DE-576)433375485
|2 gnd-content
|
| 655 |
|
7 |
|a Aufsatzsammlung
|0 (DE-588)4143413-4
|0 (DE-627)105605727
|0 (DE-576)209726091
|2 gnd-content
|
| 689 |
0 |
0 |
|D s
|0 (DE-588)4020531-9
|0 (DE-627)104564326
|0 (DE-576)208933751
|a Geschichtsschreibung
|2 gnd
|
| 689 |
0 |
1 |
|D s
|0 (DE-588)4020526-5
|0 (DE-627)106317733
|0 (DE-576)208933719
|a Geschichtsbewusstsein
|2 gnd
|
| 689 |
0 |
2 |
|D s
|0 (DE-588)4041282-9
|0 (DE-627)104162430
|0 (DE-576)209044284
|a Nationalbewusstsein
|2 gnd
|
| 689 |
0 |
3 |
|A z
|2 gnd
|a Geschichte
|
| 689 |
0 |
|
|5 (DE-627)
|
| 689 |
1 |
0 |
|D g
|0 (DE-588)4015701-5
|0 (DE-627)104289007
|0 (DE-576)208913092
|a Europa
|2 gnd
|
| 689 |
1 |
1 |
|D s
|0 (DE-588)4041300-7
|0 (DE-627)106219758
|0 (DE-576)209044373
|a Nationalismus
|2 gnd
|
| 689 |
1 |
2 |
|D s
|0 (DE-588)4033422-3
|0 (DE-627)106257315
|0 (DE-576)209001933
|a Künste
|2 gnd
|
| 689 |
1 |
|
|5 (DE-627)
|
| 689 |
2 |
0 |
|D s
|0 (DE-588)4041279-9
|0 (DE-627)106219839
|0 (DE-576)209044276
|a Nation
|2 gnd
|
| 689 |
2 |
|
|5 (DE-627)
|
| 700 |
1 |
|
|a Berger, Stefan
|d 1964-
|e hrsg
|0 (DE-588)124432417
|0 (DE-627)363343504
|0 (DE-576)29416829X
|4 edt
|
| 700 |
1 |
|
|8 1\p
|a Eriksonas, Linas
|0 (DE-588)1212534824
|0 (DE-627)1702048462
|4 oth
|
| 700 |
1 |
|
|a Mycock, Andrew
|d 1976-
|0 (DE-588)1203401582
|0 (DE-627)1688475273
|4 oth
|
| 711 |
2 |
9 |
|a Cross-Team Conference of the Programme "Representations of the Past: The Writing of National Histories in 19th and 20th Century Europe"
|n 1
|c Pontypridd
|d 2004.05.20-22
|
| 830 |
|
0 |
|a Making sense of history
|v 11
|9 11
|w (DE-627)503107182
|w (DE-576)103410554
|w (DE-600)2210754-X
|7 am
|
| 856 |
4 |
2 |
|u http://www.gbv.de/dms/mpib-toc/570053498.pdf
|m V:DE-601
|m B:B-1532
|q pdf/application
|v 2014-05-29
|x Verlag
|y Inhaltsverzeichnis
|3 Inhaltsverzeichnis
|7 1
|
| 856 |
4 |
2 |
|u http://www.h-net.org/reviews/showrev.php?id=25950
|v 2016-07-13
|x Verlag
|y Book review (H-Net)
|7 1
|
| 856 |
4 |
2 |
|u http://www.h-net.org/reviews/showrev.php?id=30102
|v 2016-07-13
|x Verlag
|y Book review (H-Net)
|7 1
|
| 856 |
4 |
2 |
|u https://www.hsozkult.de/publicationreview/id/rezbuecher-11130
|m V:DE-576;X:HSozKult
|q text/html
|v 20180418171720
|3 Rezension
|7 1
|
| 883 |
|
|
|8 1\p
|a cgwrk
|d 20241001
|q DE-101
|u https://d-nb.info/provenance/plan#cgwrk
|
| 912 |
|
|
|a GBV_ILN_11
|
| 912 |
|
|
|a ISIL_DE-1a
|
| 912 |
|
|
|a SYSFLAG_1
|
| 912 |
|
|
|a GBV_KXP
|
| 912 |
|
|
|a GBV_ILN_21
|
| 912 |
|
|
|a ISIL_DE-46
|
| 912 |
|
|
|a GBV_ILN_24
|
| 912 |
|
|
|a ISIL_DE-8
|
| 912 |
|
|
|a GBV_ILN_40
|
| 912 |
|
|
|a ISIL_DE-7
|
| 912 |
|
|
|a GBV_ILN_40_i053
|
| 912 |
|
|
|a GBV_ILN_70
|
| 912 |
|
|
|a ISIL_DE-89
|
| 912 |
|
|
|a GBV_ILN_216
|
| 912 |
|
|
|a ISIL_DE-Bs78
|
| 912 |
|
|
|a GBV_ILN_283
|
| 912 |
|
|
|a ISIL_DE-Ha163
|
| 912 |
|
|
|a GBV_ILN_285
|
| 912 |
|
|
|a ISIL_DE-517
|
| 912 |
|
|
|a GBV_ILN_350
|
| 912 |
|
|
|a ISIL_DE-2795
|
| 912 |
|
|
|a GBV_ILN_350_
|
| 912 |
|
|
|a GBV_ILN_754
|
| 912 |
|
|
|a ISIL_DE-B1532
|
| 912 |
|
|
|a GBV_ILN_2002
|
| 912 |
|
|
|a ISIL_DE-21-32c
|
| 912 |
|
|
|a GBV_ILN_2004
|
| 912 |
|
|
|a ISIL_DE-25-31b
|
| 912 |
|
|
|a GBV_ILN_2007
|
| 912 |
|
|
|a ISIL_DE-352
|
| 912 |
|
|
|a GBV_ILN_2008
|
| 912 |
|
|
|a ISIL_DE-24
|
| 912 |
|
|
|a GBV_ILN_2009
|
| 912 |
|
|
|a ISIL_DE-180
|
| 912 |
|
|
|a GBV_ILN_2010
|
| 912 |
|
|
|a ISIL_DE-15
|
| 912 |
|
|
|a GBV_ILN_2011
|
| 912 |
|
|
|a ISIL_DE-16
|
| 912 |
|
|
|a GBV_ILN_2453
|
| 912 |
|
|
|a ISIL_DE-L327
|
| 935 |
|
|
|i sf
|
| 935 |
|
|
|i Blocktest
|
| 936 |
r |
v |
|a NK 4950
|b Allgemeines
|k Geschichte
|k Weltgeschichte, Darstellungen Allgemeine Geschichte einzelner Staaten und Völker Teilgebiete der Geschichte, Sammelwerke
|k Teilgebiete der Geschichte
|k Allgemeine Geistes- und Kulturgeschichte
|k Allgemeine Kulturgeschichte
|k Abendländisch-europäische Kulturgeschichte
|k Allgemeines
|0 (DE-627)127115353X
|0 (DE-625)rvk/126082:
|0 (DE-576)20115353X
|
| 936 |
b |
k |
|a 89.22
|j Nationalismus
|0 (DE-627)106408933
|
| 936 |
b |
k |
|a 89.73
|j Europapolitik
|j Europäische Union
|0 (DE-627)181570599
|
| 936 |
b |
k |
|a 15.03
|j Theorie und Methoden der Geschichtswissenschaft
|0 (DE-627)106413589
|
| 951 |
|
|
|a BO
|
| 953 |
|
|
|2 045F
|a 940.072
|u https://www.gbv.de/dms/ddc/940.072.pdf
|
| 980 |
|
|
|2 11
|1 01
|x 0001
|b 1212721772
|c 00
|f 2
|d 1 A 792139
|e u
|j --%%--
|y k
|z 14-04-11
|
| 980 |
|
|
|2 21
|1 01
|x 0046
|b 1108588565
|c 00
|f Magazin
|d 01.X.8254
|e u
|j --%%--
|h Aufsätze
|y zza
|z 08-01-10
|
| 980 |
|
|
|2 24
|1 01
|x 0008
|b 939806711
|c 00
|f 10 pol 450
|d Bj 8150
|e u
|j --%%--
|h cw
|y zz1
|z 02-07-09
|
| 980 |
|
|
|2 40
|1 01
|x 0007
|b 1117860477
|c 00
|f FMAG
|d 2010 A 3213
|e u
|j --%%--
|y ksn
|z 22-06-10
|
| 980 |
|
|
|2 40
|1 02
|x 0007
|b 1117987264
|c 00
|f BBK-HIST
|d B V 1210
|e i
|j --%%--
|y zi053
|z 12-03-10
|
| 980 |
|
|
|2 70
|1 90
|x 89/19
|b 1100024131
|c 00
|f FBS
|d GO 70 88
|e u
|j --%%--
|y zsa
|z 03-02-10
|
| 980 |
|
|
|2 216
|1 01
|x 3708
|b 1100795367
|c 00
|f --%%--
|d WH - C 14785
|e u
|j --%%--
|y zwh
|z 29-10-09
|
| 980 |
|
|
|2 283
|1 01
|x 3283
|b 117089965X
|c 00
|f --%%--
|d NX180 Berg2008
|e s
|j --%%--
|y z
|z 03-08-10
|
| 980 |
|
|
|2 285
|1 01
|x 0517
|b 1100256857
|c 00
|f 4600
|d NK 4950 BER
|e u
|j --%%--
|y z
|z 26-10-09
|
| 980 |
|
|
|2 350
|1 01
|x 8293
|b 950225681
|c 00
|f MAG1
|d Le 2467
|e i
|j --%%--
|y z
|z 09-10-09
|
| 980 |
|
|
|2 754
|1 01
|x 3754
|b 1226071120
|c 00
|f --%%--
|d 2009/2697
|e u
|j --%%--
|y n
|z 01-05-10
|
| 980 |
|
|
|2 2002
|1 01
|x DE-21-32c
|b 3165319391
|c 00
|f --%%--
|d T 3030
|e p
|j --%%--
|y l01
|z 05-02-10
|
| 980 |
|
|
|2 2004
|1 01
|x DE-25-31b
|b 3165319480
|c 00
|f --%%--
|d Frei 31b: B 686 / 12
|e p
|j --%%--
|c 01
|f --%%--
|d Bereich Geschichte
|e --%%--
|j --%%--
|y l01
|z 30-01-09
|
| 980 |
|
|
|2 2007
|1 01
|x DE-352
|b 316531960X
|c 00
|f --%%--
|d --%%--
|e --%%--
|j --%%--
|y l01
|z 23-04-08
|
| 980 |
|
|
|2 2008
|1 01
|x DE-24
|b 3165319669
|c 00
|f --%%--
|d 60/2520
|e --%%--
|j --%%--
|c 01
|f Freihand
|d NK 4950 60/2520
|e --%%--
|j --%%--
|y l01
|z 19-10-09
|
| 980 |
|
|
|2 2009
|1 01
|x DE-180
|b 316531974X
|c 00
|f 300
|d 300 NK 4950 B496
|e --%%--
|j n
|y l01
|z 03-03-16
|
| 980 |
|
|
|2 2010
|1 01
|x DE-15
|b 3165319804
|c 00
|f --%%--
|d --%%--
|e --%%--
|j --%%--
|y l01
|z 01-04-08
|
| 980 |
|
|
|2 2011
|1 01
|x DE-16
|b 3165319871
|c 00
|f --%%--
|d 2009 A 3581
|e --%%--
|j --%%--
|y l01
|z 25-02-09
|
| 980 |
|
|
|2 2453
|1 01
|x DE-L327
|b 3165319952
|c 00
|f --%%--
|d V/2553
|e p
|j n
|k 978-1-84545-424-1
|y l01
|z 03-06-13
|
| 982 |
|
|
|2 2453
|1 01
|x DE-L327
|8 00
|s s
|a Nationalbilder
|
| 982 |
|
|
|2 2453
|1 01
|x DE-L327
|8 00
|s s
|a Historiographie
|
| 982 |
|
|
|2 2453
|1 01
|x DE-L327
|8 00
|s s
|a Nationalliteraturen
|
| 982 |
|
|
|2 2453
|1 01
|x DE-L327
|8 00
|s s
|a Kunst
|
| 982 |
|
|
|2 2453
|1 01
|x DE-L327
|8 00
|s s
|a Musik
|
| 982 |
|
|
|2 2453
|1 01
|x DE-L327
|8 00
|s s
|a Film
|
| 982 |
|
|
|2 2453
|1 01
|x DE-L327
|8 00
|s s
|a Region
|
| 982 |
|
|
|2 2453
|1 01
|x DE-L327
|8 00
|s s
|a Aufsatzsammlung
|
| 982 |
|
|
|2 2453
|1 01
|x DE-L327
|8 01
|s g
|a Europa
|
| 982 |
|
|
|2 2453
|1 01
|x DE-L327
|8 01
|s g
|a Nordamerika
|
| 982 |
|
|
|2 2453
|1 01
|x DE-L327
|8 01
|s g
|a Orient
|
| 983 |
|
|
|2 21
|1 00
|x DE-46
|8 99
|a 24
|
| 983 |
|
|
|2 24
|1 01
|x 0008
|8 50
|0 (DE-627)057924422
|a gsb 023
|b Geschichtsbewusstsein
|
| 983 |
|
|
|2 24
|1 01
|x 0008
|8 51
|0 (DE-627)253273218
|a gsb 052
|b Geschichtsschreibung
|b Thema
|
| 983 |
|
|
|2 24
|1 01
|x 0008
|8 52
|0 (DE-627)058062629
|a pol 450.4
|b Nationale Identität
|
| 983 |
|
|
|2 24
|1 01
|x 0008
|8 72
|0 (DE-627)356925862
|a pol 450
|b Staat
|b Gesellschaft
|
| 983 |
|
|
|2 40
|1 00
|x DE-7
|8 00
|0 (DE-627)621343927
|a PCL 400
|b Geschichte des Nationalismus allgemein
|
| 983 |
|
|
|2 40
|1 00
|x DE-7
|8 01
|0 (DE-627)62134334X
|a PBK 200
|b Geschichtsdarstellung {Geschichtswissenschaft: Theorie und Methoden}
|
| 983 |
|
|
|2 70
|1 00
|x DE-89
|8 40
|a GO 70
|
| 983 |
|
|
|2 70
|1 00
|x DE-89
|8 41
|a TB 100
|
| 983 |
|
|
|2 70
|1 00
|x DE-89
|8 42
|a TB 140
|
| 983 |
|
|
|2 283
|1 01
|x 3283
|8 00
|a N
|
| 983 |
|
|
|2 285
|1 00
|x DE-517
|8 00
|a NK 4950
|
| 983 |
0 |
0 |
|2 754
|1 00
|x DE-B1532
|8 00
|a _[ ]2009/2697
|
| 983 |
0 |
0 |
|2 754
|1 00
|x DE-B1532
|8 01
|a _[ ]2009/2697
|
| 983 |
0 |
0 |
|2 754
|1 00
|x DE-B1532
|8 03
|a _[ ]11041322
|
| 983 |
|
|
|2 2453
|1 01
|x DE-L327
|8 00
|a V/13
|
| 983 |
|
|
|2 2453
|1 01
|x DE-L327
|8 01
|a I/2
|
| 983 |
|
|
|2 2453
|1 01
|x DE-L327
|8 02
|a XV/4
|
| 983 |
|
|
|2 2453
|1 01
|x DE-L327
|8 03
|a XIII/1
|
| 983 |
|
|
|2 2453
|1 01
|x DE-L327
|8 04
|a XIII/7
|
| 983 |
|
|
|2 2453
|1 01
|x DE-L327
|8 05
|a XIII/6
|
| 984 |
|
|
|2 11
|1 01
|x 0001
|a 152189967010
|
| 984 |
|
|
|2 21
|1 01
|x 0046
|a 46$0000663352
|
| 984 |
|
|
|2 24
|1 01
|x 0008
|a 8$0000434965
|
| 984 |
|
|
|2 40
|1 01
|x 0007
|a 7$225910160
|
| 984 |
|
|
|2 40
|1 02
|x 0007
|a 7$224698990
|
| 984 |
|
|
|2 70
|1 90
|x 89/19
|a 89$129025887
|
| 984 |
|
|
|2 216
|1 01
|x 3708
|a BS78$10263020
|
| 984 |
|
|
|2 283
|1 01
|x 3283
|a 3283$0295833
|
| 984 |
|
|
|2 285
|1 01
|x 0517
|a 09030220
|
| 984 |
|
|
|2 350
|1 01
|x 8293
|a 9781845454241
|
| 984 |
|
|
|2 754
|1 01
|x 3754
|a 11041322
|
| 984 |
|
|
|2 2011
|1 01
|x DE-16
|a 102925884
|
| 985 |
|
|
|2 21
|1 01
|x 0046
|a xn 1890
|
| 985 |
|
|
|2 40
|1 02
|x 0007
|a 2010.258
|
| 985 |
|
|
|2 70
|1 90
|x 89/19
|a FBS 2010-0065
|
| 985 |
|
|
|2 216
|1 01
|x 3708
|a wh 2009/833
|
| 985 |
|
|
|2 283
|1 01
|x 3283
|a 2010/1332
|
| 985 |
|
|
|2 285
|1 01
|x 0517
|a 09030220
|
| 985 |
|
|
|2 350
|1 01
|x 8293
|a 2010/0025
|
| 985 |
|
|
|2 754
|1 01
|x 3754
|a 2009/2697
|
| 985 |
|
|
|2 2002
|1 01
|x DE-21-32c
|a 09/68
|
| 985 |
|
|
|2 2453
|1 01
|x DE-L327
|a 2010:1621
|
| 995 |
|
|
|2 21
|1 01
|x 0046
|a Aufsätze
|
| 995 |
|
|
|2 24
|1 01
|x 0008
|a cw
|
| 998 |
|
|
|2 40
|1 01
|x 0007
|0 2010-06
|a d
|
| 998 |
|
|
|2 754
|1 01
|x 3754
|0 2010
|a 20-11-09
|
| 998 |
|
|
|2 2002
|1 01
|x DE-21-32c
|0 0903
|